000 00860cam a2200253 a 4500
003 OSt
005 20260128152950.0
008 830819s1984 nyu b 000 0 eng
020 _a0140443339
_qpbk.
020 _a9780140443332
_q(pbk.)
040 _aKABLIB
_cKABLIB
_beng.
_erda
082 0 0 _a882.01
_219
_bAES
100 0 _aAeschylus.
_914799
240 1 0 _aOresteia.
_lEnglish
245 1 4 _aThe Oresteia /
_cAeschylus ; translated by Robert Fagles ; introductory essay, notes, and glossary by Robert Fagles and W.B. Stanford.
260 _aNew York, N.Y. :
_bPenguin Books,
_c1984.
300 _a335 p. ;
_c18 cm.
504 _aBibliography: p. [281]-283.
600 0 0 _aOrestes,
_cKing of Argos (Mythological character)
_vDrama.
_914800
650 _aliterature
655 7 _aTragedies.
_2gsafd
_96093
700 1 _aFagles, Robert.
_914801
942 _2ddc
_cBOOK
999 _c5870
_d5870